| 000 | 00620nam a2200181Ia 4500 | ||
|---|---|---|---|
| 008 | 090630s9999 xx 000 0 und d | ||
| 082 | _b25757 | ||
| 100 | _aपगडी सेतुमाधवराव. | ||
| 245 |
_aजीवन सेतू. _cपगडी सेतुमाधवराव. |
||
| 260 |
_bकॉन्टीनेंटल. _c2000 |
||
| 300 | _a532 | ||
| 600 | _aपगडी सेतुमाधवराव. | ||
| 630 | _aजीवन सेतू. | ||
| 655 | _a--- | ||
| 700 | _aपगडी सेतुमाधवराव. | ||
| 730 | _aजीवन सेतू. | ||
| 942 | _cBOOK | ||
| 999 |
_c277613 _d277613 |
||